• 首页
  • 本馆介绍
  • 公告通知
  • 最新文献
  • 馆藏检索
  • 电子资源
  • 读者导购
  • 参考咨询
  • 我的图书馆
  • 登录
  • 详细信息显示
  • 放入我的书架
  • 预约/预借图书
  • 作者相关作品
  • 分类相关作品
  • 丛书相关作品
  • 出版社相关作品

书目信息

  • 表格格式
  • 工作单格式
  • 卡片格式
题名:
乡土传统与新型城镇化
    
 
作者: 李传喜, , 张红阳, 著
分册:  
出版信息: 北京   中国社会科学出版社  2018
页数: 236页
开本: 24cm
丛书名: 浙江省哲学社会科学规划后期资助课题成果文库
单 册:
中图分类: K928.5 , F299.21
科图分类:
主题词: 村落文化--cun luo wen hua--研究--中国 , 城市化--cheng shi hua--建设--研究--中国
电子资源:
ISBN: 978-7-5203-2531-8
000 01804nam 2200337 450
001 012001008270
005 20131022134207.0
010    @a978-7-5203-2531-8@dCNY69.00
099    @aCAL 012018104562
100    @a20180904d2018 em y0chiy50 ea
101 0  @achi
102    @aCN@b110000
105    @aak a 000yy
106    @ar
200 1  @a乡土传统与新型城镇化@Axiang tu chuan tong yu xin xing cheng zhen hua@e一个近郊村落的行为叙事@f李传喜, 张红阳著
210    @a北京@c中国社会科学出版社@d2018
215    @a236页@c图@d24cm
225 2  @a浙江省哲学社会科学规划后期资助课题成果文库@Azhe jiang sheng zhe xue she hui ke xue gui hua hou qi zi zhu ke ti cheng guo wen ku
314    @a李传喜, 山东莱芜人, 社会学硕士, 中共台州市委党校行政管理教研室副主任、讲师。张红阳, 河北唐山人, 南京大学社会学博士生。
320    @a有书目 (第223-234页)
330    @a本书是想在新型城镇化的大背景下, 通过对近郊村若干村民的生活史研究以及对村庄的历史发展的梳理, 试图厘清乡土社会变迁的内在逻辑及其功能意义。本书通过对个案村的研究试图回答以下几个个问题: 村落文化和乡土传统等乡土性因素能否为新型城镇化提供动力 乡土传统与新型城镇化应该建立怎样的互动机制, 才能规避城镇化陷阱而走上不失特色的新型城镇化道路 这是一种历史必然还是一种政策选择 农村在新型城镇化中表现出怎样的行动逻辑 其地位及命运将如何改变 这种类型的新型城镇化模式该如何进行理论概括
410  0 @12001 @a浙江省哲学社会科学规划后期资助课题成果文库
517 1  @a一个近郊村落的行为叙事@Ayi ge jin jiao cun luo de xing wei xu shi
606 0  @a村落文化@Acun luo wen hua@x研究@y中国
606 0  @a城市化@Acheng shi hua@x建设@x研究@y中国
690    @aK928.5@v5
690    @aF299.21@v5
701  0 @a李传喜,@Ali chuan xi@f1985-@4著
701  0 @a张红阳,@Azhang hong yang@f1987-@4著
801  0 @aCN@b上海新华@c20191020
905    @b1180765-8@dK928.5@e1155@f4
    
    乡土传统与新型城镇化:一个近郊村落的行为叙事/李传喜, 张红阳著.-北京:中国社会科学出版社,2018
    236页:图;24cm.-(浙江省哲学社会科学规划后期资助课题成果文库)
    
    
    ISBN 978-7-5203-2531-8:CNY69.00
    本书是想在新型城镇化的大背景下, 通过对近郊村若干村民的生活史研究以及对村庄的历史发展的梳理, 试图厘清乡土社会变迁的内在逻辑及其功能意义。本书通过对个案村的研究试图回答以下几个个问题: 村落文化和乡土传统等乡土性因素能否为新型城镇化提供动力 乡土传统与新型城镇化应该建立怎样的互动机制, 才能规避城镇化陷阱而走上不失特色的新型城镇化道路 这是一种历史必然还是一种政策选择 农村在新型城镇化中表现出怎样的行动逻辑 其地位及命运将如何改变 这种类型的新型城镇化模式该如何进行理论概括
●
相关链接 在E读中查询图书 在五车中查询图书 在当当中查询图书 在豆瓣中查询图书


正题名:乡土传统与新型城镇化     索取号:K928.5/1155         预约/预借

序号 登录号 条形码 馆藏地/架位号 状态 备注
1 1180765   211807650   第二样本阅览室/ [索取号:K928.5/1155] 在馆    
2 1180766   211807669   第二借阅区/ [索取号:K928.5/1155] 在馆    
3 1180767   211807678   第二借阅区/ [索取号:K928.5/1155] 在馆    
4 1180768   211807687   第二借阅区/ [索取号:K928.5/1155] 在馆    
唐山师范学院图书馆 欢迎您!
大连网信软件有限公司© 版权所有